00606nam a2200193Ii 450000100060000000300090000600800410001502000180005604000330007404100080010708200160011510000330013124500960016426400590026030000120031933600260033133700280035733800270038514685CO-ViMGA241108s9999||||xx |||||||||||||| ||und|| a9789588350042 aCO-ViMGAbspaerdacCO-ViMGA0 aspa04a382.20 E17i1 aRicardo Eastman de la Cuesta10aInterculturalidad y negociación :bcómo hacer negocios en la diversidad cultural global 1aBogotá, Colombia : Universidad Sergio Arboleda, 2008 avolumen atextbtxt2rdacontent aunmediatedbn2rdamedia avolumebnc2rdacarrier